[Event "FRA-chTB U20 1011"]
[Site "France"]
[Date "2010.12.18"]
[Round "4.5"]
[White "Eugene, Floryan"]
[Black "Pluvinage, Jerome"]
[Result "1-0"]
[WhiteElo "1609"]
[BlackElo "1486"]
[PlyCount "60"]
[EventDate "2010.11.20"]
[EventType "team-tourn"]
[EventRounds "7"]
[EventCountry "FRA"]
[SourceTitle "EXT 2012"]
[Source "ChessBase"]
[SourceDate "2011.11.24"]
[SourceVersion "1"]
[SourceVersionDate "2011.11.24"]
[SourceQuality "1"]
[WhiteTeam "Sautron"]
[BlackTeam "Bischwiller"]
[WhiteTeamCountry "FRA"]
[BlackTeamCountry "FRA"]

1. e4 c5 2. Nf3 d6 3. d4 cxd4 4. Nxd4 Nf6 5. Nc3 Qb6 6. Nb3 a6 7. Be3 Qc7 8. f3 e6 9. Qd2 b5 10. 0-0-0 Nbd7 11. Kb1 Bb7 12. g4 h6 13. h4 b4 14. Ne2 d5 15. exd5 Nxd5 16. Bf2 a5 17. Nbd4 a4 18. Nb5 Qc8 19. Ned4 Nc7 20. Be2 Nxb5 21. Bxb5 Bd5 22. Rhe1 Be7 23. Nf5 b3 24. Nxe7 bxc2+ 25. Qxc2 Bxa2+ 26. Kc1 Qxc2+ 27. Kxc2 Bb3+ 28. Kc1 Bxd1 29. Rxd1 Kxe7 30. Rxd7+ Kf6 1-0

[Event "FRA-ch U10"]
[Site "Aix les Bains"]
[Date "2009.04.19"]
[Round "1"]
[White "Ginovart, Axel"]
[Black "Pluvinage, Jerome"]
[Result "1-0"]
[WhiteElo "1707"]
[BlackElo "1420"]
[PlyCount "57"]
[EventDate "2009.04.19"]
[EventType "swiss"]
[EventRounds "9"]
[EventCountry "FRA"]
[SourceTitle "CBM 130 Extra"]
[Source "ChessBase"]
[SourceDate "2009.07.02"]
[SourceVersion "2"]
[SourceVersionDate "2009.07.15"]
[SourceQuality "1"]

1. e4 c5 2. Nf3 d6 3. d4 cxd4 4. Nxd4 Nf6 5. Nc3 a6 6. Be2 e5 7. Nb3 Be7 8. 0-0 0-0 9. Be3 Be6 10. a4 Qc7 11. a5 Nc6 12. Nd5 Bxd5 13. exd5 Nb8 14. Bb6 Qc8 15. Ra4 Nbd7 16. Be3 Qb8 17. Bd3 Nxd5 18. Bxh7+ Kxh7 19. Qxd5 Nf6 20. Qd3+ Kg8 21. Bg5 Qc7 22. Rh4 g6 23. Qh3 Nh5 24. Bxe7 Qxe7 25. g4 Qg5 26. Kh1 Nf6 27. Kg1 Rac8 28. Nd4 exd4 29. f4 1-0